[Event "Wch Blitz"]
[Site "Samarkand"]
[Date "2023.12.29"]
[Round "6"]
[White "Erigaisi, Arjun Kumar"]
[Black "Sindarov, Javokhir"]
[Result "1-0"]
[WhiteElo "2727"]
[BlackElo "2701"]
[PlyCount "65"]
[EventDate "2023.12.29"]
[EventType "swiss (blitz)"]
[EventRounds "21"]
[EventCountry "UZB"]
[SourceTitle "CB01_2024"]
[SourceDate "2024.01.03"]
[SourceVersion "1"]
[SourceVersionDate "2024.01.03"]
[SourceQuality "1"]

1. d4 Nf6 2. Nc3 c5 3. d5 g6 4. e4 d6 5. Be2 Bg7 6. Nf3 0-0 7. Nd2 e6 8. 0-0 exd5 9. exd5 Re8 10. Nc4 Ne4 11. Nxe4 Rxe4 12. Bd3 Re8 13. Bf4 Bf8 14. a4 Na6 15. c3 Nc7 16. Qf3 b6 17. Qg3 Nxd5 18. Bxd6 Ba6 19. Bxf8 Rxf8 20. a5 Qf6 21. Ne3 Nb4 22. Ng4 Qd8 23. Bxa6 Nxa6 24. Qe5 f6 25. Qe6+ Kh8 26. axb6 axb6 27. Rfd1 Nc7 28. Qxb6 Rxa1 29. Rxa1 Qe7 30. Ne3 Rd8 31. h3 Qd6 32. Qb7 Ne6 33. Ra7 1-0

[Event "Wch Blitz"]
[Site "Samarkand"]
[Date "2023.12.29"]
[Round "9"]
[White "Sindarov, Javokhir"]
[Black "Pranesh, M."]
[Result "1-0"]
[WhiteElo "2701"]
[BlackElo "2523"]
[PlyCount "99"]
[EventDate "2023.12.29"]
[EventType "swiss (blitz)"]
[EventRounds "21"]
[EventCountry "UZB"]
[SourceTitle "CB01_2024"]
[SourceDate "2024.01.03"]
[SourceVersion "1"]
[SourceVersionDate "2024.01.03"]
[SourceQuality "1"]

1. e4 e5 2. Nf3 Nc6 3. Bc4 Nf6 4. d3 Bc5 5. Nc3 h6 6. 0-0 d6 7. Na4 Bb4 8. a3 Ba5 9. b4 Bb6 10. c3 0-0 11. h3 Be6 12. Bxe6 fxe6 13. g3 Qe7 14. Kg2 Rf7 15. Ra2 a6 16. Nxb6 cxb6 17. a4 Nd7 18. Qe2 d5 19. Nh2 d4 20. b5 Na5 21. Ba3 Nc5 22. c4 Qc7 23. Bxc5 bxc5 24. Qh5 b6 25. Ng4 Nb7 26. bxa6 Rxa6 27. Rb1 Nd8 28. Nxe5 Rf8 29. Rab2 Nc6 30. Nxc6 Qxc6 31. Rb5 Qc7 32. R1b2 Rb8 33. Qg6 Qd6 34. Ra2 Rba8 35. Rb1 Kf8 36. Rab2 Rb8 37. f4 Rxa4 38. f5 Ra3 39. fxe6 Kg8 40. Qf7+ Kh7 41. Qf5+ Kh8 42. e5 Qc6+ 43. Kh2 Re8 44. e7 Qb7 45. Qf8+ Kh7 46. Qxe8 Rxd3 47. Qf8 Rxg3 48. Qf5+ Rg6 49. e8Q Qg2+ 50. Rxg2 1-0

[Event "Wch Rapid"]
[Site "Samarkand"]
[Date "2023.12.28"]
[Round "12"]
[White "Sindarov, Javokhir"]
[Black "Vachier Lagrave, Maxime"]
[Result "0-1"]
[WhiteElo "2701"]
[BlackElo "2731"]
[PlyCount "114"]
[EventDate "2023.12.26"]
[EventType "swiss (rapid)"]
[EventRounds "13"]
[EventCountry "UZB"]
[SourceTitle "CB01_2024"]
[SourceDate "2024.01.03"]
[SourceVersion "1"]
[SourceVersionDate "2024.01.03"]
[SourceQuality "1"]

1. e4 c5 2. Nf3 d6 3. d4 cxd4 4. Nxd4 Nf6 5. Bd3 g6 6. h3 Bg7 7. c4 Nc6 8. Be3 Ng4 9. hxg4 Bxd4 10. Bxd4 Nxd4 11. Nc3 Qa5 12. f3 Be6 13. Qd2 Nb3 14. axb3 Qxa1+ 15. Nd1 Qa6 16. Qc3 f6 17. g5 0-0 18. gxf6 exf6 19. Ne3 Qa1+ 20. Nd1 b6 21. Kd2 Rac8 22. f4 Kg7 23. g4 d5 24. Nf2 d4 25. Rxa1 dxc3+ 26. bxc3 a5 27. f5 Bf7 28. Ke3 b5 29. cxb5 Rxc3 30. Rxa5 Rxb3 31. Ra7 Kh6 32. Kd2 Bg8 33. Rd7 Kg5 34. e5 fxe5 35. f6 Kf4 36. Ne4 Kxg4 37. Nc5 Rb4 38. Rd6 Rd4 39. Rxd4+ exd4 40. Nd7 Rd8 41. Ne5+ Kf4 42. Nc6 Rd6 43. Ne7 Bf7 44. Nc8 Rxf6 45. b6 Bd5 46. Ba6 h5 47. b7 Bxb7 48. Bxb7 g5 49. Ne7 Rf7 50. Nd5+ Ke5 51. Bc6 h4 52. Nb4 h3 53. Ba8 h2 54. Nc6+ Kf4 55. Nxd4 Rd7 56. Kd3 Kg3 57. Ke3 Rxd4 0-1

[Event "Wch Rapid"]
[Site "Samarkand"]
[Date "2023.12.26"]
[Round "1"]
[White "Madaminov, Mukhiddin"]
[Black "Sindarov, Javokhir"]
[Result "0-1"]
[WhiteElo "2494"]
[BlackElo "2701"]
[PlyCount "110"]
[EventDate "2023.12.26"]
[EventType "swiss (rapid)"]
[EventRounds "13"]
[EventCountry "UZB"]
[SourceTitle "CB01_2024"]
[SourceDate "2024.01.03"]
[SourceVersion "1"]
[SourceVersionDate "2024.01.03"]
[SourceQuality "1"]

1. e4 c5 2. Nf3 g6 3. d4 cxd4 4. Nxd4 Nc6 5. Nc3 Bg7 6. Be3 Nf6 7. Nxc6 bxc6 8. e5 Ng8 9. Bd4 Qa5 10. f4 Rb8 11. Qd2 Rxb2 12. Ne4 Qxd2+ 13. Kxd2 Rb4 14. c3 Rb2+ 15. Kc1 Rb8 16. Bc4 d5 17. exd6 Bxd4 18. cxd4 Rb4 19. Bb3 Rxd4 20. Ng5 Rxf4 21. Rd1 exd6 22. Rxd6 Nh6 23. Rxc6 0-0 24. Rc7 Rf2 25. Rc2 Rxc2+ 26. Kxc2 Re8 27. Kd2 Ba6 28. h4 Kg7 29. Rc1 Re2+ 30. Kd1 Re7 31. g3 Nf5 32. Rc3 Nd4 33. Kd2 h6 34. Nf3 Ne2 35. Rc5 Nxg3 36. Kc1 Nf5 37. h5 Bb7 38. Ne5 Nd6 39. hxg6 fxg6 40. Bc2 Be4 41. Nd3 h5 42. Nf4 Bxc2 43. Kxc2 Nf7 44. Kd2 h4 45. Rc6 Ne5 46. Ra6 Kh6 47. Ke3 Kg5 48. Nh3+ Kf5 49. Ra5 g5 50. Ng1 Kg4 51. Kf2 Nd3+ 52. Kg2 Rc7 53. Ra3 Rc2+ 54. Kh1 Nf2+ 55. Kg2 h3+ 0-1

[Event "Tashkent Zakovat Gambit"]
[Site "Tashkent"]
[Date "2023.11.19"]
[Round "10"]
[White "Sindarov, Javokhir"]
[Black "Yakubboev, Nodirbek"]
[Result "0-1"]
[WhiteElo "2681"]
[BlackElo "2617"]
[PlyCount "100"]
[EventDate "2023.11.18"]
[EventType "tourn (blitz)"]
[EventRounds "14"]
[EventCountry "UZB"]
[EventCategory "13"]
[SourceTitle "CB48_2023"]
[SourceDate "2023.11.29"]
[SourceVersion "1"]
[SourceVersionDate "2023.11.29"]
[SourceQuality "1"]

1. Nf3 Nf6 2. g3 d5 3. Bg2 c6 4. 0-0 Bg4 5. d3 Nbd7 6. c4 dxc4 7. dxc4 e5 8. Nc3 h6 9. Qc2 Qc7 10. b3 Bc5 11. Bb2 0-0 12. Rad1 Rfe8 13. Nh4 Bf8 14. Nf5 g6 15. Ne3 Be6 16. Qc1 Rad8 17. Ba3 Kg7 18. Bxf8+ Nxf8 19. Qa3 a6 20. h4 Bc8 21. Rxd8 Rxd8 22. Rd1 Ne6 23. Qc1 Nd4 24. Nc2 Bg4 25. Rd2 Bf5 26. Ne1 Bc8 27. e3 Nf5 28. Qd1 Rxd2 29. Qxd2 Ne8 30. h5 g5 31. e4 Nd4 32. Nc2 Qd6 33. Nxd4 Qxd4 34. Qxd4 exd4 35. Ne2 c5 36. f4 Bg4 37. Kf2 Bxh5 38. e5 Bxe2 39. Kxe2 b6 40. Bc6 Kf8 41. a3 gxf4 42. gxf4 Ng7 43. b4 Ke7 44. Kd3 f6 45. Ke4 h5 46. bxc5 bxc5 47. f5 h4 48. e6 h3 49. Kf4 h2 50. Be4 Kd6 0-1

[Event "FIDE Grand Swiss"]
[Site "Douglas"]
[Date "2023.11.01"]
[Round "7"]
[White "Sindarov, Javokhir"]
[Black "Vidit, Santosh Gujrathi"]
[Result "0-1"]
[WhiteElo "2658"]
[BlackElo "2716"]
[PlyCount "114"]
[EventDate "2023.10.25"]
[EventType "swiss"]
[EventRounds "11"]
[EventCountry "IOM"]
[SourceTitle "Mega2024 Update 01"]
[Source "Chessbase"]
[SourceDate "2023.11.12"]
[SourceVersion "1"]
[SourceVersionDate "2023.11.12"]
[SourceQuality "1"]

1. e4 e5 2. Nf3 Nc6 3. Bc4 Bc5 4. d3 d6 5. c3 Bb6 6. 0-0 Nf6 7. a4 a5 8. Be3 Bxe3 9. fxe3 0-0 10. Nbd2 Ne7 11. Nh4 d5 12. exd5 Nexd5 13. Qf3 Nb6 14. e4 Qd6 15. Qe2 Bg4 16. Nhf3 Rad8 17. h3 Bh5 18. g4 Bg6 19. Rfd1 Nfd7 20. Bb3 Nc5 21. Nc4 Qf6 22. Ba2 Rfe8 23. Kg2 Nbxa4 24. h4 Qf4 25. Ncxe5 Rxe5 26. Nxe5 Qxe5 27. h5 Rxd3 28. Bxf7+ Kf8 29. Rxd3 Nxd3 30. Qe3 Qxe4+ 31. Qxe4 Bxe4+ 32. Kg3 Kxf7 33. Rxa4 Bc6 34. Rxa5 Nxb2 35. Rf5+ Ke7 36. Re5+ Kf7 37. Rf5+ Kg8 38. Re5 Na4 39. c4 Nb6 40. g5 Kf7 41. Rf5+ Ke7 42. Re5+ Kd8 43. Rf5 Ke7 44. Re5+ Kd6 45. Rf5 Ke6 46. Rf8 Nxc4 47. Rh8 Nd6 48. Rxh7 Be4 49. g6 b5 50. Kf4 b4 51. Rh8 b3 52. Rb8 Bd5 53. Ke3 b2 54. h6 gxh6 55. Kd4 Nf5+ 56. Kc5 c6 57. Rxb2 Kf6 0-1

[Event "FIDE Grand Swiss"]
[Site "Douglas"]
[Date "2023.10.30"]
[Round "6"]
[White "Sevian, Samuel"]
[Black "Sindarov, Javokhir"]
[Result "0-1"]
[WhiteElo "2698"]
[BlackElo "2658"]
[PlyCount "46"]
[EventDate "2023.10.25"]
[EventType "swiss"]
[EventRounds "11"]
[EventCountry "IOM"]
[SourceTitle "Mega2024 Update 01"]
[Source "Chessbase"]
[SourceDate "2023.11.12"]
[SourceVersion "1"]
[SourceVersionDate "2023.11.12"]
[SourceQuality "1"]

1. c4 g6 2. e4 e5 3. Nf3 Bg7 4. d4 exd4 5. Nxd4 Nf6 6. Nc3 0-0 7. Be3 c6 8. Qd2 Re8 9. f3 d5 10. exd5 cxd5 11. 0-0-0 Nc6 12. Nxc6 bxc6 13. Bd4 Rb8 14. cxd5 c5 15. Bxc5 Qa5 16. Bd6 Bf5 17. g4 Rbc8 18. gxf5 Nxd5 19. fxg6 hxg6 20. Bh3 Nxc3 21. Bxc8 Rxc8 22. Qd3 Qxa2 23. Bc7 Nxd1 0-1

[Event "FIDE Grand Swiss"]
[Site "Douglas"]
[Date "2023.10.28"]
[Round "4"]
[White "Caruana, Fabiano"]
[Black "Sindarov, Javokhir"]
[Result "1/2-1/2"]
[WhiteElo "2786"]
[BlackElo "2658"]
[PlyCount "62"]
[EventDate "2023.10.25"]
[EventType "swiss"]
[EventRounds "11"]
[EventCountry "IOM"]
[SourceTitle "Mega2024 Update 01"]
[Source "Chessbase"]
[SourceDate "2023.11.12"]
[SourceVersion "1"]
[SourceVersionDate "2023.11.12"]
[SourceQuality "1"]

1. c4 g6 2. e4 Bg7 3. d4 d6 4. Nc3 Nf6 5. Be2 0-0 6. Be3 c5 7. d5 Qb6 8. Rb1 Qa5 9. Bd2 e6 10. Nf3 exd5 11. Nxd5 Qd8 12. Bg5 Nc6 13. 0-0 Re8 14. Bd3 Nb4 15. Nxb4 cxb4 16. Qd2 Bg4 17. Nd4 Bd7 18. Qxb4 Qb6 19. Nb5 Nxe4 20. Be3 Nc5 21. Qd2 Bxb5 22. cxb5 d5 23. b4 d4 24. bxc5 dxe3 25. Qc2 Qd8 26. fxe3 Rxe3 27. Rbd1 Qg5 28. Kh1 Be5 29. Qf2 Qh6 30. h3 Rxh3+ 31. gxh3 Qxh3+ 1/2-1/2

[Event "Qatar Masters op"]
[Site "Doha"]
[Date "2023.10.19"]
[Round "8"]
[White "Sindarov, Javokhir"]
[Black "Yakubboev, Nodirbek"]
[Result "1/2-1/2"]
[WhiteElo "2658"]
[BlackElo "2616"]
[PlyCount "60"]
[EventDate "2023.10.11"]
[EventType "swiss"]
[EventRounds "9"]
[EventCountry "QAT"]
[SourceTitle "Mega2024 Update 01"]
[Source "Chessbase"]
[SourceDate "2023.11.12"]
[SourceVersion "1"]
[SourceVersionDate "2023.11.12"]
[SourceQuality "1"]

1. e4 e5 2. Nf3 Nc6 3. Bc4 Bc5 4. Nc3 Nf6 5. d3 h6 6. 0-0 0-0 7. h3 a6 8. Be3 Bxe3 9. fxe3 d6 10. a4 Be6 11. Nd2 Na5 12. Ba2 Nc6 13. Bc4 Na5 14. Ba2 Nc6 15. Rf2 Bxa2 16. Nxa2 d5 17. Qf3 d4 18. exd4 Nxd4 19. Qd1 b5 20. Nc3 Qd6 21. Ne2 Rad8 22. Nf1 Qc5 23. Neg3 Kh7 24. Qd2 Ng8 25. Ne3 Ne7 26. Kh2 f6 27. axb5 axb5 28. Rff1 Ra8 29. Rxa8 Rxa8 30. c3 Ne6 1/2-1/2

[Event "Qatar Masters op"]
[Site "Doha"]
[Date "2023.10.17"]
[Round "6"]
[White "Aditya, Mittal"]
[Black "Sindarov, Javokhir"]
[Result "0-1"]
[WhiteElo "2572"]
[BlackElo "2658"]
[PlyCount "136"]
[EventDate "2023.10.11"]
[EventType "swiss"]
[EventRounds "9"]
[EventCountry "QAT"]
[SourceTitle "Mega2024 Update 01"]
[Source "Chessbase"]
[SourceDate "2023.11.12"]
[SourceVersion "1"]
[SourceVersionDate "2023.11.12"]
[SourceQuality "1"]

1. d4 Nf6 2. c4 g6 3. Nc3 d5 4. Nf3 Bg7 5. Qb3 c6 6. cxd5 cxd5 7. Bg5 Nc6 8. e3 e6 9. h4 0-0 10. Be2 h6 11. Bf4 Ne4 12. Nxe4 dxe4 13. Nd2 e5 14. dxe5 Nxe5 15. Nxe4 Qa5+ 16. Nc3 Be6 17. Qb5 Nf3+ 18. gxf3 Bxc3+ 19. Kf1 Qxb5 20. Bxb5 Bxb2 21. Rb1 Bg7 22. a4 Rfd8 23. Kg2 Rac8 24. Rhc1 Bf6 25. Rxc8 Rxc8 26. Kg3 Kg7 27. a5 Rc5 28. a6 bxa6 29. Bxa6 Rh5 30. Kg2 Ra5 31. Bb5 Bxh4 32. e4 Bg5 33. Bxg5 hxg5 34. Be8 Kf8 35. Bc6 Rc5 36. Rb8+ Kg7 37. Bb5 a5 38. Rb6 Kf8 39. Bc6 Ke7 40. Ra6 Kd8 41. Ba4 Kc7 42. Be8 Bc4 43. Ra8 Kb7 44. Rd8 Be6 45. Rd1 Kc7 46. Ba4 Rc3 47. Ra1 Kd6 48. Kg3 Kc5 49. Be8 Kb6 50. Ba4 g4 51. Rb1+ Kc5 52. Rb5+ Kd4 53. Rxa5 Rxf3+ 54. Kg2 Ra3 55. Ra8 Ke5 56. Bc6 Rxa8 57. Bxa8 Kf4 58. Bc6 g5 59. e5 Kxe5 60. Kg3 f5 61. Ba4 Kd4 62. Bb5 Kc3 63. Ba6 Kd2 64. Bb7 Ke1 65. Kg2 f4 66. Bc6 Bc4 67. Bd7 Bd5+ 68. Kg1 g3 0-1

[Event "Asian Games tt"]
[Site "Hangzhou"]
[Date "2023.09.30"]
[Round "2.2"]
[White "Praggnanandhaa, Rameshbabu"]
[Black "Sindarov, Javokhir"]
[Result "1/2-1/2"]
[WhiteElo "2727"]
[BlackElo "2658"]
[PlyCount "133"]
[EventDate "2023.09.29"]
[EventType "team-tourn"]
[EventRounds "9"]
[EventCountry "CHN"]
[SourceTitle "EXT 2024"]
[Source "ChessBase"]
[SourceDate "2023.10.10"]
[SourceVersion "1"]
[SourceVersionDate "2023.10.10"]
[SourceQuality "1"]
[WhiteTeam "India"]
[BlackTeam "Uzbekistan"]
[WhiteTeamCountry "IND"]
[BlackTeamCountry "UZB"]

1. c4 g6 2. e4 c5 3. Nf3 Nc6 4. d4 cxd4 5. Nxd4 Nf6 6. Nc3 d6 7. f3 Nxd4 8. Qxd4 Bg7 9. Be3 0-0 10. Qd2 Be6 11. Rc1 Qa5 12. b3 Rfc8 13. Bd3 Nd7 14. Nd5 Qxd2+ 15. Kxd2 Bxd5 16. cxd5 Nc5 17. Be2 a5 18. Bb5 Bb2 19. Rc4 Ba3 20. Ke2 Na6 21. Bxa6 bxa6 22. Kd3 Rxc4 23. bxc4 Rb8 24. Bd4 Rb4 25. Rd1 Ra4 26. Rd2 Bb4 27. Rc2 Ra3+ 28. Ke2 f6 29. Be3 Ra4 30. Kd1 Kf7 31. h4 Ke8 32. g4 h5 33. gxh5 gxh5 34. Ke2 Kf7 35. Bc1 Ba3 36. Bxa3 Rxa3 37. Kf2 f5 38. exf5 Kf6 39. c5 dxc5 40. Rxc5 Rxa2+ 41. Kg3 Ra1 42. d6 exd6 43. Rd5 Rg1+ 44. Kf4 Ke7 45. Rxa5 Kf6 46. Rd5 Ke7 47. f6+ Ke6 48. Rxh5 Kxf6 49. Ra5 Rh1 50. Kg3 Rg1+ 51. Kh2 Rg8 52. Rxa6 Ke5 53. Ra4 d5 54. Rg4 Rd8 55. Kg3 d4 56. Rg5+ Kf6 57. Kf2 d3 58. Ke1 d2+ 59. Kd1 Rd3 60. Rg3 Rd4 61. Rh3 Kg6 62. Rh2 Rd3 63. Rxd2 Rxf3 64. Ke2 Rh3 65. Rd3 Rxd3 66. h5+ Kxh5 67. Kxd3 1/2-1/2

[Event "Asian Games"]
[Site "Hangzhou"]
[Date "2023.09.25"]
[Round "4"]
[White "Sindarov, Javokhir"]
[Black "Abdusattorov, Nodirbek"]
[Result "1/2-1/2"]
[WhiteElo "2658"]
[BlackElo "2716"]
[PlyCount "64"]
[EventDate "2023.09.24"]
[EventType "swiss (rapid)"]
[EventRounds "9"]
[EventCountry "CHN"]
[SourceTitle "EXT 2024"]
[Source "ChessBase"]
[SourceDate "2023.10.10"]
[SourceVersion "1"]
[SourceVersionDate "2023.10.10"]
[SourceQuality "1"]

1. e4 e6 2. d4 d5 3. exd5 exd5 4. Nf3 Nc6 5. Bd3 Nb4 6. Bb5+ c6 7. Ba4 Bd6 8. 0-0 Ne7 9. c3 Na6 10. Re1 0-0 11. Nbd2 Nc7 12. Nf1 Bg4 13. Ng3 Nf5 14. Qd3 Nxg3 15. hxg3 f6 16. Nh4 Re8 17. Bf4 Rxe1+ 18. Rxe1 Ne6 19. Bc2 Nf8 20. Bxd6 Qxd6 21. Nf5 Qd7 22. f3 Bxf5 23. Qxf5 Qxf5 24. Bxf5 Kf7 25. Kf2 g6 26. Bc2 Re8 27. Rxe8 Kxe8 28. g4 Ke7 29. Ke3 Kd6 30. Bd3 Ke7 31. Bc2 Kd6 32. Bd3 Ke7 1/2-1/2

[Event "Asian Games"]
[Site "Hangzhou"]
[Date "2023.09.25"]
[Round "3"]
[White "Tologontegin, Semetey"]
[Black "Sindarov, Javokhir"]
[Result "0-1"]
[WhiteElo "2368"]
[BlackElo "2658"]
[PlyCount "60"]
[EventDate "2023.09.24"]
[EventType "swiss (rapid)"]
[EventRounds "9"]
[EventCountry "CHN"]
[SourceTitle "EXT 2024"]
[Source "ChessBase"]
[SourceDate "2023.10.10"]
[SourceVersion "1"]
[SourceVersionDate "2023.10.10"]
[SourceQuality "1"]

1. e4 c5 2. Nf3 Nc6 3. Bb5 g6 4. 0-0 Bg7 5. c3 e5 6. d4 cxd4 7. cxd4 exd4 8. Bf4 Nge7 9. Bd6 a6 10. Qa4 Ra7 11. Bd3 b5 12. Qc2 Bb7 13. Re1 0-0 14. Nbd2 Re8 15. a4 bxa4 16. Rxa4 Nc8 17. Bc5 Nb6 18. Nc4 Nxa4 19. Qxa4 Re6 20. Nd6 Qb8 21. Bxa7 Qxd6 22. Qb3 Qb4 23. Qxb4 Nxb4 24. Bc4 Re8 25. Nxd4 d5 26. Bf1 dxe4 27. Rc1 Ra8 28. Bc5 Rc8 29. Rc3 Na2 30. Rc2 Bxd4 0-1

[Event "Asian Games"]
[Site "Hangzhou"]
[Date "2023.09.24"]
[Round "1"]
[White "Kojima, Shinya"]
[Black "Sindarov, Javokhir"]
[Result "0-1"]
[WhiteElo "2306"]
[BlackElo "2658"]
[PlyCount "78"]
[EventDate "2023.09.24"]
[EventType "swiss (rapid)"]
[EventRounds "9"]
[EventCountry "CHN"]
[SourceTitle "EXT 2024"]
[Source "ChessBase"]
[SourceDate "2023.10.10"]
[SourceVersion "1"]
[SourceVersionDate "2023.10.10"]
[SourceQuality "1"]

1. Nf3 c5 2. c4 g6 3. Nc3 Bg7 4. g3 Nc6 5. Bg2 d6 6. 0-0 Rb8 7. e3 Nh6 8. d4 cxd4 9. Nxd4 Nxd4 10. exd4 Nf5 11. Re1 Nxd4 12. Bh6 Bxh6 13. Qxd4 0-0 14. Qxa7 Be6 15. Nd5 Bg7 16. Re2 Bxd5 17. Bxd5 e6 18. Bg2 Qc7 19. Qa4 Rfc8 20. Rd1 Qxc4 21. Qxc4 Rxc4 22. Rxd6 Rc1+ 23. Bf1 Ra1 24. Red2 Rxa2 25. Rb6 Bc3 26. Rc2 Bd4 27. Rb4 Bf6 28. Bc4 Ra5 29. Be2 Ra2 30. Bf3 b6 31. Kg2 Kg7 32. h4 Be7 33. Rb5 Ra5 34. Rb3 Ra7 35. Rb5 Rd7 36. Rc6 Rd2 37. Kf1 Bf6 38. b3 Bd4 39. Be2 Ra8 0-1